000 00356nam a2200145 i 4500
001 bg
100 1 _aKotarbiński, Tadeusz
_d(1886-1981).
245 0 _aTraktat o dobrej robocie /
_cTadeusz Kotarbiński.
250 _aWyd.4.
260 _aWarszawa,
_c1975.
040 _cBPK
041 _apol
942 _cKS
008 s pl f |000 0 pol
999 _c16140
_d16140
856 _uhttp://koha.tu.koszalin.pl/cgi-bin/koha/opac-detail.pl?biblionumber=16140
_yKatalog online BPK